[Event "Groningen Open A"]
[Site "Groningen NED"]
[Date "2012.12.24"]
[Round "4.18"]
[White "Plat, Vojtech"]
[Black "Kuling, Lody"]
[Result "1-0"]
[WhiteTitle "IM"]
[WhiteElo "2483"]
[BlackElo "2246"]
[WhiteFideId "325740"]
[BlackFideId "1019686"]
[EventDate "2012.12.21"]

1. e4 c5 2. Nf3 d6 3. d4 cxd4 4. Qxd4 Nc6 5. Bb5 Bd7 6. Bxc6 Bxc6 7. c4 Nf6 8.
Nc3 g6 9. O-O Bg7 10. Be3 O-O 11. Qd3 Ng4 12. Bd4 Ne5 13. Bxe5 dxe5 14. Qe3 e6
15. Rfd1 Qe7 16. a3 Rfd8 17. Rxd8+ Qxd8 18. Rd1 Qb6 19. Qxb6 axb6 20. Kf1 Kf8
21. Ke2 Ke7 22. Ne1 Bh6 23. Nd3 Bg7 24. Nb5 Be8 25. a4 Rc8 26. b3 Bf8 1-0

[Event "Groningen Open A"]
[Site "Groningen NED"]
[Date "2012.12.24"]
[Round "4.21"]
[White "Lee, Kai Jie Edward"]
[Black "Van Assendelft, Floris"]
[Result "1-0"]
[BlackTitle "IM"]
[WhiteElo "2165"]
[BlackElo "2403"]
[WhiteFideId "5802920"]
[BlackFideId "1010271"]
[EventDate "2012.12.21"]

1. e4 c5 2. Nf3 d6 3. d4 cxd4 4. Nxd4 Nf6 5. Nc3 Nc6 6. Bc4 Qb6 7. Nxc6 bxc6 8.
O-O g6 9. Qe1 Bg7 10. e5 dxe5 11. Qxe5 Qb8 12. Qxb8 Rxb8 13. Bb3 Bf5 14. Re1 e6
15. Bf4 Rb7 16. Bd6 Nd5 17. Nxd5 cxd5 18. Bxd5 Rb6 19. Bc5 Rxb2 20. Rad1 Kd7 21.
Bb3+ Kc7 22. Ba3 Rc8 23. Bxb2 Bxb2 24. h3 g5 25. g4 Bg6 26. Ba4 Rd8 27. Rxd8
Kxd8 28. Rd1+ Kc7 29. Be8 1-0

[Event "Groningen Open A"]
[Site "Groningen NED"]
[Date "2012.12.24"]
[Round "4.23"]
[White "Arslanov, Shamil"]
[Black "De Ruiter, Danny"]
[Result "1-0"]
[WhiteTitle "IM"]
[WhiteElo "2386"]
[BlackElo "2226"]
[WhiteFideId "4192826"]
[BlackFideId "1020650"]
[EventDate "2012.12.21"]

1. e4 c5 2. c3 d5 3. exd5 Qxd5 4. d4 Nf6 5. Nf3 Bg4 6. Be2 e6 7. h3 Bh5 8. O-O
Nc6 9. Be3 cxd4 10. cxd4 Be7 11. Nc3 Qd6 12. Qb3 O-O 13. Rfd1 Rfd8 14. a3 Nd5
15. Nxd5 Qxd5 16. Qxd5 Rxd5 17. g4 Bg6 18. Ne5 Nxe5 19. dxe5 Be4 20. Rxd5 Bxd5
21. Rc1 Bc6 22. Bf1 Kf8 23. Bg2 Bxg2 24. Kxg2 Bd8 25. f4 Ke8 26. f5 a6 27. Kf3
Kd7 28. Rd1+ Ke8 29. Rc1 Kd7 30. Rd1+ Ke8 31. fxe6 fxe6 32. Rc1 Kd7 33. Ke4 Rc8
34. Rd1+ Ke8 35. Rd6 Bc7 36. Rxe6+ Kf7 37. Kd5 Rd8+ 38. Rd6 Bxd6 39. exd6 Rd7
40. Bb6 Ke8 41. Ke6 Rf7 42. g5 Rd7 43. a4 Rf7 44. a5 Rd7 45. h4 Rf7 46. b4 Rd7
47. Bd4 Rf7 48. h5 g6 49. hxg6 hxg6 50. Bf6 Rd7 51. Be7 b6 52. axb6 Rb7 53. d7+
Rxd7 54. Bd6 Kd8 55. Kd5 Rb7 56. Kc6 Kc8 57. Bc7 a5 58. Kb5 axb4 59. Kxb4 Kd7
60. Kb5 Kc8 61. Kc4 Rxc7+ 62. bxc7 Kxc7 63. Kc5 Kd7 64. Kd5 1-0

[Event "Groningen Open A"]
[Site "Groningen NED"]
[Date "2012.12.24"]
[Round "4.26"]
[White "Berkovich, Mark A"]
[Black "Von Meijenfeldt, Bart"]
[Result "1-0"]
[WhiteTitle "IM"]
[WhiteElo "2359"]
[BlackElo "2155"]
[WhiteFideId "2801639"]
[BlackFideId "1032259"]
[EventDate "2012.12.21"]

1. Nf3 Nf6 2. g3 g6 3. Bg2 Bg7 4. O-O O-O 5. d4 d6 6. b3 c6 7. Bb2 d5 8. c4 Bf5
9. Nc3 Ne4 10. Rc1 Nxc3 11. Bxc3 Be4 12. e3 Nd7 13. Bh3 e5 14. Bxd7 Bxf3 15.
Qxf3 Qxd7 16. cxd5 exd4 17. dxc6 Qxc6 18. Qxc6 bxc6 19. Bxd4 Bxd4 20. exd4 Rfd8
21. Rc4 Rd6 22. Rfc1 Rad8 23. Ra4 Rxd4 24. Rxd4 Rxd4 25. Rxc6 a5 26. Ra6 Rd5 27.
Kg2 Re5 28. Kf3 g5 29. a4 Kg7 30. Rb6 Rc5 31. Rb5 Rc3+ 32. Ke4 Kg6 33. f4 g4 34.
Kd4 Rf3 35. Rg5+ Kf6 36. Kc4 Rf2 37. Rxg4 Rxh2 38. Rg5 Rc2+ 39. Kb5 Rb2 40. Kxa5
Rxb3 41. Ka6 h6 42. Rg8 Ke6 43. a5 f5 44. Rg6+ Kf7 45. Rxh6 Rxg3 46. Kb7 1-0

[Event "Groningen Open A"]
[Site "Groningen NED"]
[Date "2012.12.24"]
[Round "4.30"]
[White "Dehn, Marcus"]
[Black "De Jong, Migchiel"]
[Result "1-0"]
[BlackTitle "IM"]
[WhiteElo "2105"]
[BlackElo "2372"]
[WhiteFideId "4667093"]
[BlackFideId "1002848"]
[EventDate "2012.12.21"]

1. d4 e6 2. Bf4 c5 3. e3 Nf6 4. c3 b6 5. Nd2 Bb7 6. Ngf3 Be7 7. h3 O-O 8. Be2 d6
9. O-O Nbd7 10. Qb1 Re8 11. Bh2 a6 12. a4 cxd4 13. cxd4 Nf8 14. b4 Nd5 15. Qb2
Rc8 16. Rfc1 Qd7 17. b5 a5 18. Nc4 f5 19. Ne1 Ng6 20. Bf3 Rb8 21. Nd3 Nh4 22.
Bxd5 Bxd5 23. Nf4 Ba8 24. Bg3 g5 25. Bxh4 gxf4 26. Bxe7 Rxe7 27. exf4 Rg7 28.
Ne3 Kh8 29. d5 Rg8 30. Qf6 Re8 31. Ra2 Bxd5 32. Nxd5 exd5 33. Rac2 Qf7 34. Qd4
h5 35. Rc7 Re7 36. Rxe7 Qxe7 37. Qxd5 Qe4 38. Qxe4 fxe4 39. Rd1 Rd7 40. Rd5 Kg7
41. Kf1 Kf6 42. f5 Ke7 43. Ke2 Rc7 44. Ke3 Rc2 45. Rd2 Rc4 46. Rd4 Rc2 47. Rxe4+
Kf6 48. g4 hxg4 49. hxg4 Kg5 50. f3 d5 51. Re6 Rc3+ 52. Kd4 Rxf3 53. Rg6+ Kf4
54. f6 Kg3 1-0

[Event "Groningen Open A"]
[Site "Groningen NED"]
[Date "2012.12.24"]
[Round "4.33"]
[White "Heemskerk, Wim"]
[Black "Theulings, Paul-Peter"]
[Result "1/2-1/2"]
[WhiteTitle "FM"]
[BlackTitle "CM"]
[WhiteElo "2253"]
[BlackElo "2105"]
[WhiteFideId "1001000"]
[BlackFideId "1002899"]
[EventDate "2012.12.21"]

1. Nf3 Nf6 2. c4 b6 3. g3 Bb7 4. Bg2 e6 5. O-O Be7 6. b3 O-O 7. Bb2 d5 8. e3
dxc4 9. bxc4 c5 10. Qe2 Na6 11. Nc3 Ne4 12. Ne5 Nxc3 13. Bxc3 Bxg2 14. Kxg2 Bf6
15. f4 Qc7 16. Qf3 1/2-1/2

[Event "Groningen Open A"]
[Site "Groningen NED"]
[Date "2012.12.24"]
[Round "4.45"]
[White "Vereggen, Lars"]
[Black "Grigoryan, Meri"]
[Result "0-1"]
[BlackTitle "WF"]
[WhiteElo "2059"]
[BlackElo "2025"]
[WhiteFideId "1029258"]
[BlackFideId "13300571"]
[EventDate "2012.12.21"]

1. e4 a6 2. a4 d5 3. exd5 Qxd5 4. Nc3 Qd6 5. d4 Nc6 6. Be3 Bf5 7. Bd3 Bxd3 8.
Qxd3 Nb4 9. Qd2 Qg6 10. O-O-O Qxg2 11. Nge2 Nf6 12. d5 Qg4 13. Rhg1 Qd7 14. Qd4
a5 15. Qc4 g6 16. Bd4 Bg7 17. Bxf6 Bxf6 18. Ne4 Qxa4 19. Nxf6+ exf6 20. Kb1 O-O
21. Nd4 Rab8 22. c3 b5 23. Qb3 Na6 24. d6 Qxb3 25. Nxb3 a4 26. Na5 cxd6 27. Rxd6
Nc5 28. Rxf6 Rfe8 29. Nc6 Rb7 30. Nd4 Ne4 31. Rf4 b4 32. Kc2 bxc3 33. bxc3 a3
34. Ra1 Rb2+ 35. Kd3 Nxf2+ 36. Kc4 Rc8+ 37. Kd5 Rxc3 38. Rf6 Rd2 39. Ra6 Rdd3
40. h4 Kg7 41. Rg1 Rc8 42. Rd6 a2 43. Ke5 Re8+ 44. Kd5 Nd1 0-1

[Event "Groningen Open A"]
[Site "Groningen NED"]
[Date "2012.12.26"]
[Round "5.1"]
[White "Michalik, Peter"]
[Black "Van Kampen, Robin"]
[Result "0-1"]
[WhiteTitle "GM"]
[BlackTitle "GM"]
[WhiteElo "2508"]
[BlackElo "2570"]
[WhiteFideId "14907526"]
[BlackFideId "1020854"]
[EventDate "2012.12.21"]

1. d4 Nf6 2. c4 g6 3. Nc3 d5 4. Bg5 Bg7 5. Bxf6 Bxf6 6. cxd5 c5 7. dxc5 Nd7 8.
e3 O-O 9. Nf3 Nxc5 10. Be2 Qb6 11. Qd2 Bf5 12. Nd4 Ne4 13. Nxe4 Bxe4 14. Bf3
Bxf3 15. Nxf3 Bxb2 16. Rd1 Rac8 17. O-O Bc3 18. Qd3 Qa5 19. Qe4 Rc7 20. Qf4 Rd7
21. e4 Qxa2 22. Rd3 Bg7 23. Ne5 Rd6 24. Rh3 Rb6 25. Nd7 Rb1 26. g4 Rd8 27. Rf3
Rxf1+ 28. Kxf1 Qc4+ 29. Kg2 f6 30. Ne5 fxe5 31. Qf7+ Kh8 32. Qxe7 Qc8 33. Rc3
Qxg4+ 34. Kf1 Rf8 35. d6 Qf4 0-1

[Event "Groningen Open A"]
[Site "Groningen NED"]
[Date "2012.12.26"]
[Round "5.2"]
[White "Roy Chowdhury, Saptarshi"]
[Black "Andriasian, Zaven"]
[Result "1/2-1/2"]
[WhiteTitle "IM"]
[BlackTitle "GM"]
[WhiteElo "2441"]
[BlackElo "2605"]
[WhiteFideId "5002974"]
[BlackFideId "13302000"]
[EventDate "2012.12.21"]

1. e4 c5 2. Nf3 d6 3. Bc4 Nf6 4. d3 Nc6 5. Bb3 g6 6. O-O Bg7 7. c3 O-O 8. Re1 e5
9. Nbd2 h6 10. Nc4 Nh5 11. Ne3 Nf4 12. g3 Ne6 13. Nd5 Kh7 14. Nh4 Ne7 15. Ng2
Nxd5 16. Bxd5 Nc7 17. Bb3 d5 18. Qe2 b6 19. Ne3 d4 20. cxd4 cxd4 21. Nd5 Bb7 22.
Nxc7 Qxc7 23. Bd2 a5 24. Ba4 f5 25. f3 Rf6 26. Rac1 Qf7 27. Bb3 Qd7 28. a3 Raf8
29. Rf1 Kh8 30. Bc4 Bc6 31. b4 a4 32. Qg2 b5 1/2-1/2

[Event "Groningen Open A"]
[Site "Groningen NED"]
[Date "2012.12.26"]
[Round "5.4"]
[White "Ernst, Sipke"]
[Black "Nestorovic, Nikola"]
[Result "1-0"]
[WhiteTitle "GM"]
[BlackTitle "IM"]
[WhiteElo "2562"]
[BlackElo "2429"]
[WhiteFideId "1004689"]
[BlackFideId "934526"]
[EventDate "2012.12.21"]

1. d4 Nf6 2. c4 e6 3. Nc3 Bb4 4. g3 d5 5. Nf3 O-O 6. Bg2 dxc4 7. O-O Nc6 8. a3
Bd6 9. Qa4 e5 10. d5 Ne7 11. Bg5 Nd7 12. Qxc4 h6 13. Be3 Nb6 14. Qb3 Re8 15.
Rac1 Bd7 16. Nd2 Nf5 17. Nce4 Nxe3 18. fxe3 Qe7 19. Nxd6 cxd6 20. Rc7 Qd8 21.
Rxb7 Qc8 22. Rxb6 axb6 23. Ne4 Qc7 24. Qb4 Red8 25. Qxd6 Qxd6 26. Nxd6 f6 27.
Rc1 Ra7 28. Rc3 Kf8 29. Kf2 Ke7 30. Nc4 Rb8 31. Ke1 Kd8 32. Rb3 Ra6 33. Nd6 Ke7
34. Ne4 Rc8 35. Nc3 Kd6 36. Be4 Kc7 37. d6+ Kb8 38. Bd3 Ra7 39. Nd5 Be6 40. d7
Rxd7 41. Rxb6+ Ka7 42. Ra6+ Kb8 43. Rb6+ Ka7 44. Rxe6 Rxd5 45. Re7+ Kb8 46. Rxg7
Rd6 47. Rh7 Rc1+ 48. Kf2 Rd1 49. b3 Ra1 50. a4 f5 51. Bxf5 Rf6 52. e4 Ra3 53.
Re7 Rxb3 54. Rxe5 Ra3 55. Ra5 Kc7 56. h4 Rb6 57. e5 Rbb3 58. Ra7+ Kd8 59. e6 Re3
60. Rd7+ Ke8 61. Bg6+ Kf8 62. Rf7+ Kg8 63. Bh7+ Kh8 64. e7 Re5 65. Bd3 1-0

[Event "Groningen Open A"]
[Site "Groningen NED"]
[Date "2012.12.26"]
[Round "5.6"]
[White "Matnadze, Ana"]
[Black "Pancevski, Filip"]
[Result "0-1"]
[WhiteTitle "IM"]
[BlackTitle "IM"]
[WhiteElo "2401"]
[BlackElo "2512"]
[WhiteFideId "13601377"]
[BlackFideId "15002187"]
[EventDate "2012.12.21"]

1. d4 Nf6 2. g3 d6 3. Bg2 g6 4. Nf3 Bg7 5. O-O O-O 6. c4 c6 7. Nc3 Qa5 8. h3 e5
9. e4 Nbd7 10. Re1 exd4 11. Nxd4 Ne5 12. Bf1 Re8 13. Nb3 Qc7 14. f4 Ned7 15. Bg2
a5 16. Be3 a4 17. Nd4 Nc5 18. Qc2 Qa5 19. Rad1 Qb4 20. a3 Qa5 21. Bf2 Nfd7 22.
Nde2 Bf8 23. Nc1 Nb6 24. Bf1 Be6 25. Nb1 f5 26. e5 Ne4 27. b4 axb3 28. Nxb3 Qa6
29. exd6 Nd7 30. Bd4 Nxg3 31. Ba1 Qb6+ 32. Kg2 Nh5 33. Rxe6 Nxf4+ 34. Kh1 Nxe6
35. c5 Qd8 36. Bc4 Bg7 37. Nd4 Nf8 38. d7 Re7 39. Nxe6 Nxe6 40. Qa2 Bxa1 41.
Qxa1 Ra4 42. Qa2 Rxc4 43. Qxc4 Kf8 44. Rd6 Ng5 45. Qh4 Nf7 46. Qxh7 Re1+ 47. Kh2
Re2+ 48. Kh1 Re1+ 49. Kh2 Rxb1 50. Rxg6 Qxd7 51. Rg8+ Ke7 52. Qh4+ Ke6 53. Rg6+
Kd5 54. Qf2 Rd1 55. Rf6 Rd4 56. Rxf5+ Ne5 57. Qa2+ Ke4 58. Rf2 Nf3+ 59. Rxf3
Rd2+ 0-1

[Event "Groningen Open A"]
[Site "Groningen NED"]
[Date "2012.12.26"]
[Round "5.8"]
[White "Gormally, Daniel W"]
[Black "Das, Arghyadip"]
[Result "1-0"]
[WhiteTitle "GM"]
[BlackTitle "IM"]
[WhiteElo "2495"]
[BlackElo "2476"]
[WhiteFideId "406465"]
[BlackFideId "5003610"]
[EventDate "2012.12.21"]

1. e4 e6 2. d4 d5 3. Nd2 Nf6 4. e5 Nfd7 5. Ngf3 c5 6. c3 Nc6 7. Bd3 g6 8. O-O
Bg7 9. Bc2 O-O 10. Nb3 cxd4 11. cxd4 a5 12. Be3 a4 13. Nc1 a3 14. b3 f6 15. exf6
Bxf6 16. Nd3 Qe7 17. Re1 Qg7 18. Nf4 Ndb8 19. Rc1 Na6 20. h4 Bd7 21. h5 g5 22.
h6 Qxh6 23. Nh3 Nab4 24. Bb1 Qh5 25. Nfxg5 Qxd1 26. Rcxd1 h6 27. Nh7 Rf7 28.
Nxf6+ Rxf6 29. Nf4 Be8 30. Bc1 Bf7 31. Re3 Kf8 32. Rh3 e5 33. dxe5 Nxe5 34. Ne2
h5 35. Nd4 Bg6 36. Bxg6 Nxg6 37. Nb5 Nf4 38. Bxf4 Rxf4 39. Nc7 Ra6 40. Nxa6 bxa6
41. Rxh5 d4 42. Ra5 Nxa2 43. Rxa3 Nc3 44. Rd3 Nd5 45. Kf1 1-0

[Event "Groningen Open A"]
[Site "Groningen NED"]
[Date "2012.12.26"]
[Round "5.14"]
[White "Berkovich, Mark A"]
[Black "Plat, Vojtech"]
[Result "1/2-1/2"]
[WhiteTitle "IM"]
[BlackTitle "IM"]
[WhiteElo "2359"]
[BlackElo "2483"]
[WhiteFideId "2801639"]
[BlackFideId "325740"]
[EventDate "2012.12.21"]

1. d4 Nf6 2. Nf3 g6 3. g3 Bg7 4. Bg2 d6 5. O-O O-O 6. b3 c6 7. Bb2 Qc7 8. Nbd2
Nbd7 9. e4 e5 10. dxe5 dxe5 11. Qe2 Re8 12. Rfd1 b5 13. a4 a6 14. Ne1 Nc5 15.
Nd3 Nxd3 16. Qxd3 Bg4 17. Bf3 Rad8 18. Qe2 Bc8 19. Nf1 Nd7 20. Ba3 Bf8 21. Bxf8
Nxf8 22. Ne3 Qe7 23. axb5 axb5 24. Rxd8 Rxd8 25. Rd1 Ne6 26. Rxd8+ Qxd8 27. Qd1
Qd4 28. h4 Nc5 29. b4 Qxd1+ 30. Nxd1 Na4 31. Kf1 Kf8 32. Ke2 Ke7 33. Kd3 Be6 34.
Ne3 Kd6 35. Bg4 Ba2 36. f3 Nb6 37. h5 Na8 38. c4 Bxc4+ 39. Nxc4+ bxc4+ 40. Kxc4
Nc7 41. hxg6 hxg6 42. f4 f6 43. fxe5+ fxe5 44. Kd3 Nb5 45. Kc4 Nd4 46. Kc3 Kc7
47. Bd1 Kb6 48. Kc4 Nb5 49. Bg4 Nd6+ 50. Kd3 Ne8 51. Be2 Nf6 52. Ke3 c5 53.
bxc5+ Kxc5 54. Ba6 Kb4 55. Bc8 Kc3 56. Be6 Kc2 57. Bf7 g5 58. Ke2 Kc3 59. Ke3
Kc2 60. Ke2 Kc1 61. Bg6 Kb2 62. Bf5 Kc3 63. Ke3 Kc4 64. Bg6 Kc5 65. Bf5 Kd6 66.
Bg6 Kc5 67. Bf5 Kc4 68. Bg6 Kc3 69. Bf5 Nh5 70. Kf3 Kd4 71. Kg4 Nf6+ 72. Kxg5
Nxe4+ 73. Kh4 Nxg3 74. Kxg3 e4 75. Bxe4 1/2-1/2

[Event "Groningen Open A"]
[Site "Groningen NED"]
[Date "2012.12.26"]
[Round "5.15"]
[White "Eggleston, David J"]
[Black "Breder, Dennis"]
[Result "0-1"]
[WhiteTitle "FM"]
[BlackTitle "IM"]
[WhiteElo "2352"]
[BlackElo "2438"]
[WhiteFideId "412120"]
[BlackFideId "4636945"]
[EventDate "2012.12.21"]

1. e4 e5 2. Nf3 Nc6 3. d4 exd4 4. Nxd4 Nf6 5. Nxc6 bxc6 6. e5 Qe7 7. Qe2 Nd5 8.
c4 Ba6 9. Nd2 Nf4 10. Qe4 Ne6 11. Be2 g6 12. O-O Bg7 13. Nf3 O-O 14. Be3 c5 15.
Bd2 Rab8 16. Bc3 f5 17. exf6 Bxf6 18. Rad1 Bb7 19. Qe3 Rbe8 20. Rfe1 d6 21. Qh6
Bxc3 22. bxc3 Qf6 23. Rc1 Nf4 24. Ng5 Qg7 25. Qxg7+ Kxg7 26. Bf3 Bxf3 27. gxf3
Ne2+ 28. Kf1 Nxc1 29. Rxc1 h6 30. Ne4 Rxf3 31. Ke2 Rh3 32. f3 Rxh2+ 33. Ke3 Rxa2
34. Rb1 Re7 35. Kd3 Rf7 36. Ke3 Ra4 37. Rb7 Ra1 38. Rb8 Re1+ 39. Kd2 Rf1 40. Rb7
R1xf3 41. Rxa7 g5 0-1

[Event "Groningen Open A"]
[Site "Groningen NED"]
[Date "2012.12.26"]
[Round "5.17"]
[White "Schiffer, Kai-Uwe"]
[Black "Wallace, John Paul"]
[Result "0-1"]
[WhiteTitle "FM"]
[BlackTitle "IM"]
[WhiteElo "2300"]
[BlackElo "2398"]
[WhiteFideId "4602196"]
[BlackFideId "3200957"]
[EventDate "2012.12.21"]

1. e4 c6 2. d4 d5 3. e5 Bf5 4. Nf3 e6 5. Be2 Nd7 6. O-O h6 7. Nbd2 Ne7 8. Nb3
Nc8 9. Bd2 Be7 10. a4 O-O 11. a5 a6 12. c4 dxc4 13. Bxc4 Na7 14. Qe2 Rc8 15. Ne1
c5 16. d5 exd5 17. Bxd5 Nc6 18. Rd1 Ndxe5 19. Bxh6 Qe8 20. Bf4 c4 21. Bxe5 cxb3
22. Bc3 Bf6 23. Qf3 Bxc3 24. Qxc3 Ne7 25. Qf3 Bc2 26. Rc1 Nxd5 27. Qxd5 Be4 28.
Qd2 Qd8 29. Qe3 Rxc1 30. Qxc1 Qxa5 31. Qe3 Qd5 32. f3 Bf5 33. g4 Bd7 34. Qd3
Qxd3 35. Nxd3 Bb5 36. Rd1 Rd8 37. Nf2 Rxd1+ 38. Nxd1 Be2 39. Ne3 Bxf3 40. Kf2
Be4 41. Nc4 Bd5 42. Nd6 a5 43. Ke3 a4 44. Nb5 g5 0-1

[Event "Groningen Open A"]
[Site "Groningen NED"]
[Date "2012.12.26"]
[Round "5.19"]
[White "Arslanov, Shamil"]
[Black "Beukema, Stefan"]
[Result "0-1"]
[WhiteTitle "IM"]
[BlackTitle "FM"]
[WhiteElo "2386"]
[BlackElo "2262"]
[WhiteFideId "4192826"]
[BlackFideId "1024523"]
[EventDate "2012.12.21"]

1. e4 e5 2. Nf3 Nc6 3. d4 exd4 4. Nxd4 Nf6 5. Nxc6 bxc6 6. Bd3 d5 7. e5 Nd7 8.
O-O Be7 9. f4 O-O 10. Nd2 Nc5 11. f5 Nxd3 12. cxd3 g6 13. f6 Bc5+ 14. Kh1 Re8
15. Nb3 Bf8 16. Bf4 c5 17. Rc1 Rb8 18. Nxc5 Rxb2 19. d4 Bf5 20. Qe1 Rxa2 21. Rf2
Rxf2 22. Qxf2 Qb8 23. Qd2 Qb5 24. h3 Rb8 25. Bh6 Bxc5 26. Rxc5 Qf1+ 27. Kh2 Rb1
28. Rxc7 Qh1+ 29. Kg3 Rg1 30. Kf3 Bxh3 31. Rc1 Bxg2+ 32. Kf2 Rxc1 33. Qxc1 Qxc1
34. Bxc1 Be4 35. Bh6 a5 36. Ke3 a4 37. Kd2 a3 38. Kc3 a2 39. Kb2 Bb1 40. Ka1 g5
41. Bxg5 h5 42. Kb2 Kh7 43. Ka1 Kg6 44. Bh4 Kf5 45. Kb2 Ke6 46. Ka1 Bg6 47. Kxa2
Kf5 48. Bf2 Kg4 49. e6 fxe6 50. Kb3 h4 51. Kb4 h3 52. Bg1 Kg3 53. Kc5 Kg2 0-1

[Event "Groningen Open A"]
[Site "Groningen NED"]
[Date "2012.12.26"]
[Round "5.20"]
[White "Afek, Yochanan"]
[Black "Lee, Kai Jie Edward"]
[Result "1/2-1/2"]
[WhiteTitle "IM"]
[WhiteElo "2311"]
[BlackElo "2165"]
[WhiteFideId "2800462"]
[BlackFideId "5802920"]
[EventDate "2012.12.21"]

1. c4 e6 2. Nf3 Nf6 3. g3 d5 4. Bg2 Nbd7 5. O-O c6 6. d4 Be7 7. Nc3 Ne4 8. Nxe4
dxe4 9. Ne5 f5 10. Nxd7 Qxd7 11. Bf4 O-O 12. Be5 Bf6 13. Bxf6 Rxf6 14. e3 b6 15.
b4 a5 16. bxa5 Rxa5 17. Qb3 b5 18. Rfc1 Ba6 19. a4 bxc4 20. Qb6 Qd5 21. Bf1 f4
22. exf4 g5 23. fxg5 Qxg5 24. Rc2 e3 25. Qd8+ Kg7 26. f4 Rxf4 27. Qxg5+ Rxg5 28.
Bxc4 Rf2 29. Rac1 Bxc4 30. Rxc4 Rgf5 31. Re1 Ra2 32. Rf1 Rxf1+ 33. Kxf1 Kf6 34.
Rxc6 e2+ 35. Ke1 Kf5 36. Kf2 Rxa4 37. Rc5+ Kg4 38. Re5 Rxd4 39. Rxe6 h5 40. Kxe2
h4 1/2-1/2

[Event "Groningen Open A"]
[Site "Groningen NED"]
[Date "2012.12.26"]
[Round "5.21"]
[White "Brunello, Sabino"]
[Black "Kerigan, Demre"]
[Result "1-0"]
[WhiteTitle "GM"]
[WhiteElo "2583"]
[BlackElo "2233"]
[WhiteFideId "813613"]
[BlackFideId "6307841"]
[EventDate "2012.12.21"]

1. d4 g6 2. c4 Bg7 3. Nc3 Nf6 4. e4 d6 5. Be2 O-O 6. Bg5 c5 7. d5 h6 8. Be3 e6
9. Nf3 exd5 10. exd5 Nbd7 11. O-O Ng4 12. Bd2 a6 13. h3 Ngf6 14. Bf4 Qc7 15. a4
Re8 16. Nd2 Ne5 17. Bh2 Bf5 18. Ndb1 Rad8 19. g4 Bc8 20. f4 Ned7 21. Nd2 Re3 22.
Kg2 Rde8 23. Bg1 R3e7 24. Bf3 g5 25. fxg5 hxg5 26. Be2 Qb6 27. Rb1 Qb4 28. Rf2
Ne5 29. Bh2 Bd7 30. Qc2 b5 31. axb5 axb5 32. Rbf1 Bxg4 33. Bxe5 Bxe2 34. Bxf6
Bxf1+ 35. Kxf1 Re1+ 36. Kg2 Bxf6 37. Rxf6 bxc4 38. Rf2 Qb7 39. Nxc4 Qe7 40. Qf5
Kg7 41. Nxd6 Qxd6 42. Qxf7+ Kh8 43. Qh5+ Kg8 44. Qxg5+ Kh8 45. Rf4 R8e7 46. Rh4+ 1-0

[Event "Groningen Open A"]
[Site "Groningen NED"]
[Date "2012.12.26"]
[Round "5.24"]
[White "Ben Artzi, Ido"]
[Black "Basencyan, Mark"]
[Result "1-0"]
[WhiteElo "2297"]
[BlackElo "2112"]
[WhiteFideId "2810913"]
[BlackFideId "13300725"]
[EventDate "2012.12.21"]

1. d4 d5 2. c4 c6 3. Nf3 Nf6 4. e3 e6 5. b3 Ne4 6. Bb2 Bb4+ 7. Nbd2 Qf6 8. Qe2
O-O 9. a3 Bd6 10. Nxe4 dxe4 11. Nd2 Qg6 12. f3 exf3 13. gxf3 Nd7 14. f4 c5 15.
Nf3 cxd4 16. Rg1 Qf6 17. Bxd4 e5 18. Bb2 Qe7 19. Bh3 f6 20. Nh4 Nc5 21. Bxc8
Raxc8 22. Nf5 Qd7 23. Rxg7+ Qxg7 24. Nxg7 Kxg7 25. Rd1 Rcd8 26. b4 Na4 27. Rxd6
Rxd6 28. fxe5 Re6 29. exf6+ Kh8 30. f7+ 1-0

[Event "Groningen Open A"]
[Site "Groningen NED"]
[Date "2012.12.26"]
[Round "5.25"]
[White "Schoehuijs, Erik"]
[Black "Pel, Bonno"]
[Result "1/2-1/2"]
[BlackTitle "FM"]
[WhiteElo "2160"]
[BlackElo "2288"]
[WhiteFideId "1004425"]
[BlackFideId "1004760"]
[EventDate "2012.12.21"]

1. d4 d6 2. Nf3 g6 3. c4 Bg7 4. Nc3 e5 5. e4 Nc6 6. d5 Nce7 7. Be2 h6 8. O-O f5
9. exf5 Nxf5 10. Nd2 Nf6 11. Nde4 O-O 12. Nxf6+ Qxf6 13. Ne4 Qh4 14. Bd3 Bd7 15.
Bd2 Rf7 16. Rc1 Raf8 17. f3 Kh8 18. c5 Qd8 19. Qb3 Bc8 20. cxd6 cxd6 21. Kh1 b6
22. Bc4 Rg8 23. Qd3 Nd4 24. Ba6 Bf5 25. Qa3 Bxe4 26. fxe4 Rxf1+ 27. Rxf1 b5 28.
Qh3 h5 29. Rc1 Qf6 30. Qd3 Rb8 31. Be3 b4 32. Qf1 Qh4 33. Bd3 Rf8 34. Qe1 Qxe1+
35. Rxe1 Kh7 36. Rc1 Rf7 37. Rc4 a5 38. Kg1 Bh6 39. Bf2 Bf4 40. g3 Bg5 41. Kg2
Bd8 42. Bxd4 1/2-1/2

[Event "Groningen Open A"]
[Site "Groningen NED"]
[Date "2012.12.26"]
[Round "5.26"]
[White "Dhar-Barua, Saheli"]
[Black "Van Overdam, Julian"]
[Result "0-1"]
[WhiteTitle "WIM"]
[WhiteElo "2091"]
[BlackElo "2268"]
[WhiteFideId "5001331"]
[BlackFideId "1015303"]
[EventDate "2012.12.21"]

1. e4 c5 2. Nf3 e6 3. d4 cxd4 4. Nxd4 Nf6 5. Nc3 d6 6. Be2 Be7 7. O-O O-O 8. Kh1
Nc6 9. Be3 a6 10. f4 Nxd4 11. Bxd4 Qc7 12. e5 Nd7 13. exd6 Bxd6 14. Bd3 g6 15.
f5 Be5 16. fxg6 hxg6 17. Qg4 Bxd4 18. Qxd4 Qe5 19. Qh4 f5 20. Rae1 Qf6 21. Qxf6
Nxf6 22. Bc4 Kf7 23. a4 Bd7 24. h3 Rac8 25. b3 Rc5 26. Rd1 b5 27. axb5 axb5 28.
Rxd7+ Nxd7 29. Nxb5 Ne5 30. Nd6+ Ke7 31. Nb7 Rc7 32. Na5 Ra8 33. Ra1 Rca7 0-1

[Event "Groningen Open A"]
[Site "Groningen NED"]
[Date "2012.12.26"]
[Round "5.31"]
[White "Mostertman, Milan"]
[Black "Knol, Geon"]
[Result "1-0"]
[WhiteElo "2250"]
[BlackElo "2160"]
[WhiteFideId "1025848"]
[BlackFideId "1012142"]
[EventDate "2012.12.21"]

1. e4 d5 2. exd5 Qxd5 3. Nc3 Qa5 4. d4 Nf6 5. Nf3 Ne4 6. Bd2 Nxd2 7. Qxd2 e6 8.
Bd3 Be7 9. O-O Nd7 10. d5 e5 11. Rfe1 O-O 12. Nxe5 Nxe5 13. Rxe5 Bf6 14. Rh5 Bg4
15. Rxh7 Qb4 16. Rb1 Rfe8 17. g3 Qd4 18. Rh4 g6 19. Nb5 Re2 20. Qxe2 Bxe2 21.
Rxd4 Bxd4 22. Bxe2 1-0

[Event "Groningen Open A"]
[Site "Groningen NED"]
[Date "2012.12.26"]
[Round "5.34"]
[White "De Ruiter, Danny"]
[Black "Van der Auweraert, Elwin"]
[Result "1-0"]
[WhiteElo "2226"]
[BlackElo "2126"]
[WhiteFideId "1020650"]
[BlackFideId "1029568"]
[EventDate "2012.12.21"]

1. d4 Nf6 2. c4 e6 3. g3 d5 4. Bg2 dxc4 5. Nf3 Bd7 6. Ne5 Bc6 7. Nxc6 Nxc6 8.
Nc3 Qd7 9. O-O O-O-O 10. e3 Be7 11. Qa4 Nd5 12. Qxc4 h5 13. Bd2 h4 14. a3 hxg3
15. hxg3 Rh5 16. Bf3 Rf5 17. Qe2 Rh8 18. Kg2 Rh6 19. Nxd5 exd5 20. Bg4 Rhf6 21.
f3 Qe6 22. Qd3 Kb8 23. Rh1 a6 24. Rh8+ Ka7 25. b4 g6 26. Rc1 Qd6 27. Bxf5 Rxf5
28. f4 Qf6 29. Rh6 Qe6 30. b5 axb5 31. Qxb5 Qe4+ 32. Kf2 Rh5 33. Rxh5 gxh5 34.
Qa4+ Kb8 35. Qc2 Qe6 36. Rh1 Bf6 37. Qd3 h4 38. gxh4 Qg4 39. Qe2 Qg7 40. Qf3 Ne7
41. Qh5 Qf8 42. Bb4 1-0